|
|
|
|
| LEADER |
00000nas a2200000 a 4500 |
| 001 |
ssj0029715 |
| 003 |
WaSeSS |
| 005 |
20200512172242.0 |
| 006 |
m d |
| 007 |
cr n |
| 008 |
050822d20002009wlkqx pss 0 0eng c |
| 010 |
|
|
|a 2008268024
|
| 022 |
|
|
|y 1471-7794
|
| 035 |
|
|
|a (WaSeSS)ssj0029715
|
| 040 |
|
|
|a OCLCS
|b eng
|c OCLCS
|d OCLCS
|d SBH
|d LGG
|d OCLCQ
|d OCLCF
|d OCLCO
|d OCLCQ
|d OCLCO
|d OCLCQ
|d UAB
|d DLC
|d OCLCQ
|d OCLCO
|d APUMS
|d NTG
|d TOF
|d WaSeSS
|
| 042 |
|
|
|a pcc
|
| 050 |
1 |
4 |
|a HV1451
|
| 060 |
0 |
0 |
|a W1
|b QU158LAC
|
| 130 |
0 |
|
|a Quality in ageing (Online)
|
| 245 |
1 |
0 |
|a Quality in ageing
|h [electronic resource] :
|b policy, practice and research.
|
| 260 |
|
|
|a Brighton, East Sussex :
|b Pavilion Pub.,
|c 2000-2009.
|
| 310 |
|
|
|a Four no. a year
|
| 362 |
0 |
|
|a Vol. 1, issue 1 (2000)-v. 10, issue 4 (Dec. 2009).
|
| 506 |
|
|
|a License restrictions may limit access.
|
| 525 |
|
|
|a Only two issues published in 2000.
|
| 538 |
|
|
|a Mode of access: World Wide Web.
|
| 588 |
|
|
|a Description based on print version record.
|
| 588 |
|
|
|a Latest issue consulted: Vol. 9, issue 3 (Sept. 2008) (EBSCOhost, viewed Nov. 21, 2008).
|
| 650 |
|
0 |
|a Older people
|x Care
|v Periodicals.
|
| 650 |
|
0 |
|a Aging
|v Periodicals.
|
| 650 |
|
0 |
|a Quality of life
|v Periodicals.
|
| 650 |
|
7 |
|a Aging.
|2 fast
|0 (OCoLC)fst00800293
|
| 650 |
|
7 |
|a Older people
|x Care.
|2 fast
|0 (OCoLC)fst01199096
|
| 650 |
|
7 |
|a Quality of life.
|2 fast
|0 (OCoLC)fst01085009
|
| 650 |
1 |
2 |
|a Aged
|v Periodicals.
|
| 650 |
2 |
2 |
|a Health Services for the Aged
|v Periodicals.
|
| 650 |
2 |
2 |
|a Public Policy
|v Periodicals.
|
| 650 |
2 |
2 |
|a Research
|v Periodicals.
|
| 655 |
|
0 |
|a Electronic journals.
|
| 710 |
2 |
|
|a British Association for Service to the Elderly.
|
| 776 |
0 |
8 |
|i Print version:
|t Quality in ageing
|x 1471-7794
|w (DLC) 2002243181
|w (OCoLC)45424172
|
| 785 |
0 |
0 |
|t Quality in ageing and older adults (Online)
|x 2044-1835
|w (DLC) 2017208436
|w (OCoLC)721357571
|
| 856 |
4 |
0 |
|z Full text available from Research Library: 12/01/2003 to 12/31/2008
|u https://search.proquest.com/publication/44505
|